000 00401nam a2200145Ia 4500
008 240719s9999 xx 000 0 und d
041 _aeng
082 _a174 JOH
100 _aJohnson W. Brad
245 _aThe Elements Of Ethics For Professionals
260 _aNew York
_bPalgrave Macmillan
_c2008
300 _a213.; P 20 Cm
365 _c
_b26
520 _aGifted By : IMT Faculty Dr.senthil kumar
999 _c41199
_d41199